<?xml version="1.0" encoding="UTF-8"?>
<collection xmlns="http://www.loc.gov/MARC21/slim">
 <record>
  <leader>01776nam a2200229Ia 4500</leader>
  <controlfield tag="001">CTU_228901</controlfield>
  <controlfield tag="008">210402s9999    xx            000 0 und d</controlfield>
  <datafield tag="082" ind1=" " ind2=" ">
   <subfield code="a">332.1753</subfield>
  </datafield>
  <datafield tag="082" ind1=" " ind2=" ">
   <subfield code="b">Nh121</subfield>
  </datafield>
  <datafield tag="088" ind1=" " ind2=" ">
   <subfield code="a">60380107</subfield>
  </datafield>
  <datafield tag="100" ind1=" " ind2=" ">
   <subfield code="a">Diệp, Mỹ Nhân</subfield>
  </datafield>
  <datafield tag="245" ind1=" " ind2="0">
   <subfield code="a">Pháp luật về hợp đồng theo mẫu áp dụng trong lĩnh vực cho vay tiêu dùng tại các ngân hàng thương mại :</subfield>
  </datafield>
  <datafield tag="245" ind1=" " ind2="0">
   <subfield code="b">Luận văn Thạc sĩ Luật học. Chuyên ngành Luật kinh tế</subfield>
  </datafield>
  <datafield tag="245" ind1=" " ind2="0">
   <subfield code="c">Diệp Mỹ Nhân ; Lê Vũ Nam (Cán bộ hướng dẫn)</subfield>
  </datafield>
  <datafield tag="260" ind1=" " ind2=" ">
   <subfield code="a">Cần Thơ</subfield>
  </datafield>
  <datafield tag="260" ind1=" " ind2=" ">
   <subfield code="b">Trường Đại học Cần Thơ</subfield>
  </datafield>
  <datafield tag="260" ind1=" " ind2=" ">
   <subfield code="c">2018</subfield>
  </datafield>
  <datafield tag="520" ind1=" " ind2=" ">
   <subfield code="a">Nghiên cứu các vấn đề lý luận và thực tiễn áp dụng pháp luật về hợp đồng theo mẫu áp dụng trong lĩnh vực cho vay tiêu dùng tại các ngân hàng thương mại. Phân tích sự cần thiết phải bảo vệ quyền lợi người tiêu dùng khi tham gia giao kết hợp đồng theo mẫu. Trên cơ sở đó, đề xuất một số giải pháp để bảo vệ quyền lợi người tiêu dùng cũng như hoàn thiện hệ thống pháp luật về hợp đồng theo mẫu áp dụng trong lĩnh vực cho vay tiêu dùng tại các ngân hàng thương mại nhằm nâng cao hiệu quả hoạt động của các ngân hàng thương mại trong lĩnh vực này.</subfield>
  </datafield>
  <datafield tag="650" ind1=" " ind2=" ">
   <subfield code="a">Banks and banking,Ngân hàng và nghiệp vụ ngân hàng</subfield>
  </datafield>
  <datafield tag="650" ind1=" " ind2=" ">
   <subfield code="z">Vietnam,Việt Nam</subfield>
  </datafield>
  <datafield tag="910" ind1=" " ind2=" ">
   <subfield code="b">nthai</subfield>
  </datafield>
  <datafield tag="980" ind1=" " ind2=" ">
   <subfield code="a">Trung tâm Học liệu Trường Đại học Cần Thơ</subfield>
  </datafield>
 </record>
</collection>
